Oliver y su pandilla = Oliver and Company /

Adaptación lejana de la novela de Charles Dickens a las calles de Nueva York de finales del siglo XX, contada a través de la historia de un gatito huérfano que es recogido por un perro, con quien conoce el valor de la amistad y de la solidaridad. Con su nuevo amigo y otros, subsiste de pequeños hurt...

Volledige beschrijving

Bewaard in:
Bibliografische gegevens
Hoofdauteur: Scribner, George (realización)
Andere auteurs: Cox, Jim (guión) (guión), Disney, Tim (guión) (guión), Mangold, James (guión) (guión), Korth, Marty (animación) (animación), Suding, Dave (animación) (animación), Williams, Chuck (animación) (animación), Hester, Mark A. (montaje) (montaje), Melton, James (montaje) (montaje), Redford, J.A.C. (música) (música), Lawrence, Joseph (voz) (voz), Joel, Billy (voz) (voz), Marin, Cheech (voz) (voz)
Formaat: Dia
Taal:Engels
Gepubliceerd in: Los Angeles, EUA : Walt Disney, 1988, c1988
Editie:Edición del 20° aniversario
Onderwerpen:
Tags: Voeg label toe
Geen labels, Wees de eerste die dit record labelt!

MARC

LEADER 00000ngm^a2200000^a^4500
001 000306020
005 20250521000000.0
009 20260310112804.589
037 |a Acervo ITESO - Biblioteca 
041 |a ING 
082 |a 808. 899282  |b DIS 1988 
100 |a Scribner, George  |e (realización) 
240 1 1 |a [Oliver Twist] 
240 1 1 |a [Oliver Twist. Adaptaciones] 
245 1 0 |a Oliver y su pandilla =  |b Oliver and Company /  |c Realización de G. Scribner. 
250 |a Edición del 20° aniversario 
264 4 |a Los Angeles, EUA :  |b Walt Disney,  |c 1988, c1988 
264 2 |a México :  |b WDC [distribución],  |c copyright fecha no identificada 
300 |a 1 DVD sin dato de región (74 min.) :  |b color 
336 |a imagen móvil bidimensional  |b tdi  |2 rdacontenido 
337 |a video  |b v  |2 rdamedio 
338 |a videodisco  |b vd  |2 rdasoporte 
500 |a Basado en: Oliver Twist, de Charles Dickens 
520 |a Adaptación lejana de la novela de Charles Dickens a las calles de Nueva York de finales del siglo XX, contada a través de la historia de un gatito huérfano que es recogido por un perro, con quien conoce el valor de la amistad y de la solidaridad. Con su nuevo amigo y otros, subsiste de pequeños hurtos, hasta que es adoptado por una niña, donde vive con lujos. Cuando la niña es secuestrada, sus viejos amigos acuden en su ayuda para rescatarla. 
546 |a En inglés, con subtítulos opcionales: español, hindi, inglés, portugués 
546 |a Doblaje opcional: español, portugués 
649 |a XX 
650 |a Huérfanos en el Cine 
650 |a Niños en el Cine 
650 |a Gatos en el Cine 
650 |a Perros en el Cine 
650 |a Animales en el Cine 
650 |a Películas Infantiles 
650 |a Películas Musicales 
650 |a Comedias Cinematográficas 
650 |a Cine de Animación 
650 |a Opera Prima 
650 |a Cine Norteamericano -  |y 1980-1989 
650 |a Cine Norteamericano -  |y Siglo XX 
650 |a Novela Inglesa -  |x Adaptaciones para Cine 
650 |a Literatura Inglesa -  |y Siglo XIX -  |x Adaptaciones para Cine 
650 |a Literatura y Sociedad 
650 |a Amistad 
650 |a Solidaridad 
650 |a Nueva York, EUA en el Cine 
700 |a Cox, Jim  |e (guión) 
700 |a Disney, Tim  |e (guión) 
700 |a Mangold, James  |e (guión) 
700 |a Korth, Marty  |e (animación) 
700 |a Suding, Dave  |e (animación) 
700 |a Williams, Chuck  |e (animación) 
700 |a Hester, Mark A.  |e (montaje) 
700 |a Melton, James  |e (montaje) 
700 |a Redford, J.A.C.  |e (música) 
700 |a Lawrence, Joseph  |e (voz) 
700 |a Joel, Billy  |e (voz) 
700 |a Marin, Cheech  |e (voz) 
910 |a Fondo General 
920 |a Audiovisuales - DVDs 
940 |a Películas 
905 |a 308 
901 |a 0500206480  |b IT2  |c DVR  |i C124871  |u 20250521 
902 |a https://opac.biblio.iteso.mx/vufind/Record/000306020